| 000 | 02403nam0a2200361 4500 | ||
|---|---|---|---|
| 001 | RU\NLR\BIBL_A\022285924 | ||
| 005 | 20260420012840.0 | ||
| 010 |
_a978-5-89822-839-2 _9500 |
||
| 021 |
_aRU _bКН-П-24-035712 _9КН-П-24-3589 |
||
| 035 | _a(NLR Aleph) 022285924 | ||
| 090 |
_a13661655 _c13661655 |
||
| 100 | _a20240729d2024 u y0rusy50 ca | ||
| 101 | 0 | _arus | |
| 102 | _aRU | ||
| 105 | _aa z 000yy | ||
| 181 | 0 |
_ai3 _baxxe |
|
| 182 | 0 | _an | |
| 200 | 1 |
_aСудебно-медицинская оценка морфофункциональных изменений сердца при синдроме внезапной смерти детей _fКопылов А. В., Аванесян Х. А., Берлай М. В., Карпов С. М. _gФедеральное государственное бюджетное образовательное учреждение высшего образования "Ставропольский государственный медицинский университет" Министерства здравоохранения Российской Федерации |
|
| 203 |
_aТекст _bвизуальный _cнепосредственный |
||
| 210 |
_aСтаврополь _cИзд-во СтГМУ _d2024 |
||
| 215 |
_a87 с. _cцв. ил., табл. _d21 |
||
| 300 | _aНа обороте тит. с. авт.: Копылов А. В. - канд. мед. наук, доц., Аванесян Х. А., Берлай М. В. - кандидаты мед. наук, Карпов С. М. - д-р мед. наук, проф. | ||
| 320 | _aБиблиогр.: с. 74-87 (156 назв.) | ||
| 606 | 1 |
_aВнезапной смерти синдром грудных детей _xСудебно-медицинская диагностика _92505048 _3RU\NLR\AUTH\6601700750 |
|
| 686 | 1 | _aР811.447 | |
| 701 | 1 |
_aКопылов _bА. В. _cканд. мед. наук _gАнатолий Васильевич _9239578 _3RU\NLR\AUTH\770239634 |
|
| 701 | 1 |
_aАванесян _bХ. А. _gХорен Артюшаевич |
|
| 701 | 1 |
_aБерлай _bМ. В. _gМаргарита Васильевна |
|
| 701 | 1 |
_7ca _8rus _aКарпов _bС. М. _cд-р мед. наук, неврология _gСергей Михайлович _919361 _3RU\NLR\AUTH\7736371 |
|
| 942 | _cBOOK | ||
| 980 | _aNB | ||